[Event "SLO-ch U12 Girls"]
[Site "Rogaska Slatina"]
[Date "2009.02.22"]
[Round "2"]
[White "Gorensek Krivec, Mojca"]
[Black "Drofenik, Klara"]
[Result "1-0"]
[WhiteElo "1500"]
[BlackElo "1500"]
[PlyCount "91"]
[EventDate "2009.02.22"]
[EventType "swiss"]
[EventRounds "9"]
[EventCountry "SLO"]
[SourceTitle "CBM 129 Extra"]
[Source "ChessBase"]
[SourceDate "2009.05.05"]
[SourceVersion "2"]
[SourceVersionDate "2009.05.20"]
[SourceQuality "1"]

1. e4 e5 2. Nf3 Nc6 3. Nc3 Nf6 4. Bc4 Nd4 5. d3 Bc5 6. Nxe5 Qe7 7. Nxf7 Rf8 8. Ng5 c6 9. Nf3 d5 10. Bb3 Nxf3+ 11. Qxf3 d4 12. Ne2 Nd5 13. Qh5+ Rf7 14. exd5 g6 15. Qh6 Bb4+ 16. Bd2 Bd7 17. dxc6 Bxd2+ 18. Qxd2 Rf8 19. cxd7+ Qxd7 20. Qb4 0-0-0 21. 0-0 Kb8 22. Ba4 Qc7 23. Nxd4 Rf4 24. Qc3 Rfxd4 25. Qxc7+ Kxc7 26. Bb3 Re8 27. Rfe1 Rf8 28. Re7+ Kb8 29. Rxh7 Rdf4 30. f3 R8f5 31. Re1 a6 32. Bc4 Ka7 33. Re6 Ra5 34. a3 g5 35. b4 Rxa3 36. Kf2 Ra4 37. g3 Rf8 38. b5 axb5 39. Bxb5 Ra5 40. Bc6 Rb8 41. Re8 Rxe8 42. Bxe8 Ra6 43. f4 gxf4 44. gxf4 Rb6 45. f5 Rf6 46. Rf7 1-0

[Event "SLO-ch U10 Girls"]
[Site "Postojna"]
[Date "2008.03.01"]
[Round "9"]
[White "Zupevc, Lucija"]
[Black "Drofenik, Klara"]
[Result "1-0"]
[WhiteElo "1500"]
[BlackElo "1500"]
[PlyCount "27"]
[EventDate "2008.02.24"]
[EventType "swiss"]
[EventRounds "9"]
[EventCountry "SLO"]
[SourceTitle "EXT 2010"]
[Source "ChessBase"]
[SourceDate "2010.11.25"]
[SourceVersion "1"]
[SourceVersionDate "2010.11.25"]
[SourceQuality "1"]

1. e4 e5 2. Nf3 Nc6 3. Bc4 Bc5 4. Nc3 Nf6 5. Ng5 0-0 6. d3 h6 7. Bxf7+ Kh8 8. Bc4 hxg5 9. Bxg5 d6 10. h3 Qe7 11. Nd5 Qd8 12. Nxf6 gxf6 13. Qh5+ Kg7 14. Qh6# 1-0